Knight's Modern Seamanship / (Record no. 1696)

000 -LEADER
fixed length control field 00768nam a2200289 a 4500
007 - PHYSICAL DESCRIPTION FIXED FIELD--GENERAL INFORMATION
fixed length control field ta
008 - FIXED-LENGTH DATA ELEMENTS--GENERAL INFORMATION
fixed length control field 200116t1989 xxuadb|g |||| 001 0 eng d
020 ## - INTERNATIONAL STANDARD BOOK NUMBER
International Standard Book Number 9780471289487
Terms of availability $ 160.00
040 ## - CATALOGING SOURCE
Original cataloging agency IMU Kochi Library
Language of cataloging eng
041 0# - LANGUAGE CODE
Language code of text/sound track or separate title eng
044 ## - COUNTRY OF PUBLISHING/PRODUCING ENTITY CODE
MARC country code United States
082 04 - DEWEY DECIMAL CLASSIFICATION NUMBER
Edition number 23
Classification number 623.88
Item number N6821
100 1# - MAIN ENTRY--PERSONAL NAME
Personal name Knight, Austin Melvin
245 00 - TITLE STATEMENT
Title Knight's Modern Seamanship /
250 ## - EDITION STATEMENT
Edition statement 18th ed.
260 ## - PUBLICATION, DISTRIBUTION, ETC. (IMPRINT)
Place of publication, distribution, etc New York :
Name of publisher, distributor, etc John Wiley & Sons Inc ,
Date of publication, distribution, etc 1989.
300 ## - PHYSICAL DESCRIPTION
Extent x, 782 p. :
Other physical details ill., charts, maps ;
Dimensions 24 cm
504 ## - BIBLIOGRAPHY, ETC. NOTE
Bibliography, etc Includes Index.
650 #0 - SUBJECT ADDED ENTRY--TOPICAL TERM
Topical term or geographic name as entry element Seamanship
700 ## - ADDED ENTRY--PERSONAL NAME
Personal name Noel, John V.
Relator term Editor
700 ## - ADDED ENTRY--PERSONAL NAME
Personal name Bassett, Frank E.
Relator term Associated name
700 ## - ADDED ENTRY--PERSONAL NAME
Personal name Blair, Carvel
Relator term Associated name
700 ## - ADDED ENTRY--PERSONAL NAME
Personal name Fitch, Dee
Relator term Associated name
852 ## - LOCATION/CALL NUMBER
Location IMU Kochi Library
904 ## - LOCAL DATA ELEMENT D, LDD (RLIN)
CATALOGER Akhil Bose
942 ## - ADDED ENTRY ELEMENTS (KOHA)
Item type Books
Holdings
Withdrawn status Lost status Source of classification or shelving scheme Damaged status Not for loan Collection code Permanent location Current location Shelving location Date acquired Source of acquisition Cost, normal purchase price Full call number Barcode Date last seen Koha item type Public note
          Nautical Science IMU Kochi Library IMU Kochi Library Reference 2014-03-19 M/s Unique Book Store (Inv. No.2014/083 dt. 2014-03-19) 10496.00 623.88 N6821 BK001054 2020-01-16 Reference book Shelf-2, Row-3


Copyright © All Rights Reserved by Indian Maritime University, Kochi Campus.
For any Suggestions/Query Contact to library or Email: library.kochi@imu.ac.in Ph:(0484)-2989402
(Web OPAC Designed by Rudra Ranjan. Maintained by IMU Kochi Library)

Powered by Koha